Kinh tế doanh nghiệp và phân tích hoạt động kinh doanh
Kaydedildi:
| Yazar: | |
|---|---|
| Materyal Türü: | Kitap |
| Dil: | Undetermined |
| Baskı/Yayın Bilgisi: |
Thành phố Hồ Chí Minh
Thống Kê
2001
|
| Konular: | |
| Etiketler: |
Etiketle
Etiket eklenmemiş, İlk siz ekleyin!
|
| Thư viện lưu trữ: | Trung tâm Học liệu Trường Đại học Cần Thơ |
|---|
| LEADER | 00603nam a2200181Ia 4500 | ||
|---|---|---|---|
| 001 | CTU_47562 | ||
| 008 | 210402s9999 xx 000 0 und d | ||
| 082 | |a 658.1511 | ||
| 082 | |b Th500 | ||
| 100 | |a Võ, Thanh Thu | ||
| 245 | 0 | |a Kinh tế doanh nghiệp và phân tích hoạt động kinh doanh | |
| 245 | 0 | |c Võ Thanh Thu, Nguyễn Thị Mỵ | |
| 260 | |a Thành phố Hồ Chí Minh | ||
| 260 | |b Thống Kê | ||
| 260 | |c 2001 | ||
| 650 | |a Managerial accounting,Managerial economics | ||
| 904 | |i Trọng Hiếu | ||
| 980 | |a Trung tâm Học liệu Trường Đại học Cần Thơ | ||